000 00306nam a22001337a 4500
008 230626b xxu||||| |||| 00| 0 eng d
082 _a328.710
_bLEV
100 _cGary Levy
245 _aCanadian Parliamentary Review
260 _aCanada
_c2002
300 _a56p
440 _vvolume 25
942 _2ddc
_cBK
999 _c2563
_d2563